000 00639nam a2200181 a 4500
001 000041893
005 20240307183156.0
008 131021s1985 dr a r 000 0 spa d
040 _aDO-SdBNP
_bspa
_cBNPHU
082 _axxxx
_bxxxx
245 0 0 _aEnseñanzas de Jimenes Grullón. /
_cprólogo, Euri Cabral.
260 _aSanto Domingo :
_bUniversitaria,
_c1985.
300 _a51 p. :
_bil. ;
_c21 cm.
490 1 _aPublicaciones de la Universidad Autónoma de Santo Domingo
_v442
590 _aInventariado, 2019/BT
700 1 _aCabral, Euri
_eprol.
_91097
830 0 _aPublicaciones de la Universidad Autónoma de Santo Domingo
_n442
_968780
999 _c41382
_d41382